[Event "British Rapidplay Championship 2023"]
[Site "Mercure Bradford, Bankfield Hotel"]
[Date "2023.04.15"]
[Round "6.8"]
[White "Jackman, Matthew"]
[Black "Gopakumar, Siddharth"]
[Result "0-1"]
[TimeControl "All moves in 15 minutes plus 10 second increment per move from move 1"]
[WhiteElo "2053"]
[BlackElo "1870"]

1. d4 {[%clk 00:15:19]} d5 {[%clk 00:15:17]} {[%emt 00:00:04]} 2. c4 {[%clk
00:15:27]} {[%emt 00:00:01]} c6 {[%clk 00:15:26]} {[%emt 00:00:01]} 3. cxd5
{[%clk 00:15:35]} {[%emt 00:00:02]} cxd5 {[%clk 00:15:35]} {[%emt 00:00:02]} 4.
Nc3 {[%clk 00:15:44]} {[%emt 00:00:01]} Nf6 {[%clk 00:15:43]} {[%emt 00:00:02]}
5. f3 {[%clk 00:15:52]} {[%emt 00:00:02]} Nc6 {[%clk 00:15:25]} {[%emt
00:00:28]} 6. e4 {[%clk 00:16:00]} {[%emt 00:00:01]} dxe4 {[%clk 00:15:28]}
{[%emt 00:00:07]} 7. d5 {[%clk 00:16:09]} {[%emt 00:00:02]} Ne5 {[%clk
00:12:58]} {[%emt 00:02:40]} 8. fxe4 {[%clk 00:16:16]} {[%emt 00:00:03]} a6
{[%clk 00:12:45]} {[%emt 00:00:23]} 9. Nf3 {[%clk 00:16:07]} {[%emt 00:00:18]}
Nxf3+ {[%clk 00:12:23]} {[%emt 00:00:32]} 10. Qxf3 {[%clk 00:16:13]} {[%emt
00:00:04]} e6 {[%clk 00:12:26]} {[%emt 00:00:07]} 11. Bd3 {[%clk 00:16:08]}
{[%emt 00:00:16]} Qb6 {[%clk 00:11:38]} {[%emt 00:00:58]} 12. Rf1 {[%clk
00:15:25]} {[%emt 00:00:52]} exd5 {[%clk 00:10:00]} {[%emt 00:01:48]} 13. Nxd5
{[%clk 00:13:24]} {[%emt 00:02:12]} Qd8 {[%clk 00:06:53]} {[%emt 00:03:17]} 14.
Bg5 {[%clk 00:11:22]} {[%emt 00:02:11]} Be7 {[%clk 00:07:01]} {[%emt 00:00:03]}
15. Nxe7 {[%clk 00:10:46]} {[%emt 00:00:46]} Qxe7 {[%clk 00:07:00]} {[%emt
00:00:11]} 16. Bxf6 {[%clk 00:10:51]} {[%emt 00:00:05]} gxf6 {[%clk 00:06:23]}
{[%emt 00:00:47]} 17. Qxf6 {[%clk 00:10:58]} {[%emt 00:00:03]} Qxf6 {[%clk
00:05:48]} {[%emt 00:00:45]} 18. Rxf6 {[%clk 00:11:05]} Be6 {[%clk 00:05:46]}
{[%emt 00:00:14]} 19. Ke2 {[%clk 00:08:52]} {[%emt 00:02:23]} Rg8 {[%clk
00:05:27]} {[%emt 00:00:30]} 20. Rf2 {[%clk 00:08:59]} {[%emt 00:00:02]} Rc8
{[%clk 00:05:28]} {[%emt 00:00:10]} 21. Ke3 {[%clk 00:09:05]} {[%emt 00:00:04]}
Ke7 {[%clk 00:05:22]} {[%emt 00:00:16]} 22. b3 {[%clk 00:09:08]} {[%emt
00:00:07]} Rg5 {[%clk 00:05:19]} {[%emt 00:00:13]} 23. Raf1 {[%clk 00:08:58]}
{[%emt 00:00:20]} Rcg8 {[%clk 00:04:48]} {[%emt 00:00:40]} 24. g3 {[%clk
00:08:35]} {[%emt 00:00:33]} Rc8 {[%clk 00:04:42]} {[%emt 00:00:16]} 25. Bc4
{[%clk 00:08:06]} {[%emt 00:00:39]} Bxc4 {[%clk 00:01:54]} {[%emt 00:02:59]} 26.
bxc4 {[%clk 00:08:14]} {[%emt 00:00:02]} Rf8 {[%clk 00:02:03]} 27. Rb1 {[%clk
00:07:42]} {[%emt 00:00:41]} b5 {[%clk 00:01:35]} {[%emt 00:00:40]} 28. cxb5
{[%clk 00:07:49]} {[%emt 00:00:01]} axb5 {[%clk 00:01:44]} {[%emt 00:00:02]} 29.
Rf5 {[%clk 00:07:57]} {[%emt 00:00:02]} Rxf5 {[%clk 00:01:46]} {[%emt
00:00:08]} 30. exf5 {[%clk 00:08:04]} {[%emt 00:00:02]} Ra8 {[%clk 00:01:53]}
{[%emt 00:00:04]} 31. Rb2 {[%clk 00:07:58]} {[%emt 00:00:16]} Kf6 {[%clk
00:01:57]} {[%emt 00:00:06]} 32. g4 {[%clk 00:07:33]} {[%emt 00:00:34]} Kg5
{[%clk 00:01:37]} {[%emt 00:00:31]} 33. Rg2 {[%clk 00:07:25]} {[%emt 00:00:16]}
Ra4 {[%clk 00:00:38]} {[%emt 00:01:11]} 34. Kd3 {[%clk 00:05:43]} {[%emt
00:01:52]} Rxg4 {[%clk 00:00:33]} {[%emt 00:00:14]} 35. Rxg4+ {[%clk 00:05:24]}
{[%emt 00:00:29]} Kxg4 {[%clk 00:00:42]} 36. f6 {[%clk 00:02:56]} {[%emt
00:02:38]} Kf5 {[%clk 00:00:34]} {[%emt 00:00:18]} 37. Kc3 {[%clk 00:03:05]}
{[%emt 00:00:02]} Kxf6 {[%clk 00:00:43]} 38. Kb4 {[%clk 00:03:14]} {[%emt
00:00:01]} Kg5 {[%clk 00:00:34]} {[%emt 00:00:19]} 39. Kxb5 {[%clk 00:03:22]}
{[%emt 00:00:02]} f5 {[%clk 00:00:44]} {[%emt 00:00:01]} 40. a4 {[%clk
00:03:30]} f4 {[%clk 00:00:53]} {[%emt 00:00:01]} 41. a5 {[%clk 00:03:39]} f3
{[%clk 00:01:00]} {[%emt 00:00:02]} 42. a6 {[%clk 00:03:48]} {[%emt 00:00:01]}
f2 {[%clk 00:01:09]} {[%emt 00:00:01]} 43. a7 {[%clk 00:03:07]} {[%emt
00:00:51]} f1=Q+ {[%clk 00:01:17]} {[%emt 00:00:02]} 44. Kb6 {[%clk 00:03:16]}
{[%emt 00:00:01]} Qb1+ {[%clk 00:01:16]} {[%emt 00:00:11]} 45. Kc7 {[%clk
00:03:24]} {[%emt 00:00:02]} Qc2+ {[%clk 00:01:14]} {[%emt 00:00:12]} 46. Kb8
{[%clk 00:03:30]} {[%emt 00:00:03]} Qxh2+ {[%clk 00:01:18]} {[%emt 00:00:05]}
0-1

[Event "British Rapidplay Championship 2023"]
[Site "Mercure Bradford, Bankfield Hotel"]
[Date "2023.04.15"]
[Round "6.9"]
[White "Bennett, Eric"]
[Black "Ortiz Sanchez, Luis"]
[Result "1-0"]
[TimeControl "All moves in 15 minutes plus 10 second increment per move from move 1"]
[WhiteElo "1730"]
[BlackElo "2067"]

1. f4 {[%clk 00:15:19]} d5 {[%clk 00:15:11]} {[%emt 00:00:09]} 2. Nf3 {[%clk
00:15:28]} {[%emt 00:00:01]} Nf6 {[%clk 00:15:04]} {[%emt 00:00:17]} 3. e3
{[%clk 00:15:37]} {[%emt 00:00:01]} c5 {[%clk 00:15:00]} {[%emt 00:00:15]} 4.
d4 {[%clk 00:15:45]} {[%emt 00:00:01]} Bg4 {[%clk 00:14:54]} {[%emt 00:00:16]}
5. c3 {[%clk 00:15:54]} {[%emt 00:00:02]} e6 {[%clk 00:14:53]} {[%emt
00:00:10]} 6. Bd3 {[%clk 00:16:02]} {[%emt 00:00:01]} Nc6 {[%clk 00:14:51]}
{[%emt 00:00:13]} 7. O-O {[%clk 00:16:10]} {[%emt 00:00:02]} Qc7 {[%clk
00:14:23]} {[%emt 00:00:38]} 8. h3 {[%clk 00:16:18]} {[%emt 00:00:02]} Bxf3
{[%clk 00:14:19]} {[%emt 00:00:15]} 9. Qxf3 {[%clk 00:16:26]} {[%emt 00:00:02]}
Bd6 {[%clk 00:14:17]} {[%emt 00:00:12]} 10. a4 {[%clk 00:16:34]} {[%emt
00:00:02]} h5 {[%clk 00:13:28]} {[%emt 00:00:58]} 11. Bd2 {[%clk 00:16:41]}
{[%emt 00:00:03]} Na5 {[%clk 00:13:28]} {[%emt 00:00:10]} 12. Bb5+ {[%clk
00:16:46]} {[%emt 00:00:05]} Nc6 {[%clk 00:13:22]} {[%emt 00:00:16]} 13. Be1
{[%clk 00:16:53]} {[%emt 00:00:03]} Ne4 {[%clk 00:13:28]} {[%emt 00:00:05]} 14.
Bh4 {[%clk 00:16:44]} {[%emt 00:00:18]} a6 {[%clk 00:13:36]} {[%emt 00:00:03]}
15. Bd3 {[%clk 00:16:52]} {[%emt 00:00:01]} f5 {[%clk 00:13:35]} {[%emt
00:00:11]} 16. Bxe4 {[%clk 00:16:56]} {[%emt 00:00:05]} dxe4 {[%clk 00:13:40]}
{[%emt 00:00:06]} 17. Qe2 {[%clk 00:17:04]} {[%emt 00:00:01]} cxd4 {[%clk
00:13:45]} {[%emt 00:00:06]} 18. cxd4 {[%clk 00:17:12]} {[%emt 00:00:02]} Nb4
{[%clk 00:13:48]} {[%emt 00:00:07]} 19. Nc3 {[%clk 00:17:20]} {[%emt 00:00:02]}
Nd3 {[%clk 00:13:51]} {[%emt 00:00:07]} 20. Rfd1 {[%clk 00:17:17]} {[%emt
00:00:12]} Kf7 {[%clk 00:13:24]} {[%emt 00:00:38]} 21. Rxd3 {[%clk 00:17:13]}
{[%emt 00:00:14]} exd3 {[%clk 00:13:33]} 22. Qxd3 {[%clk 00:17:22]} {[%emt
00:00:01]} Qb6 {[%clk 00:13:24]} {[%emt 00:00:20]} 23. d5 {[%clk 00:17:18]}
{[%emt 00:00:13]} Bc5 {[%clk 00:13:09]} {[%emt 00:00:25]} 24. dxe6+ {[%clk
00:17:24]} {[%emt 00:00:04]} Qxe6 {[%clk 00:13:18]} {[%emt 00:00:02]} 25. Bf2
{[%clk 00:17:30]} {[%emt 00:00:03]} Rad8 {[%clk 00:13:24]} {[%emt 00:00:04]} 26.
Qe2 {[%clk 00:17:36]} {[%emt 00:00:03]} g6 {[%clk 00:13:28]} {[%emt 00:00:08]}
27. Re1 {[%clk 00:17:35]} {[%emt 00:00:10]} Rhe8 {[%clk 00:13:38]} {[%emt
00:00:01]} 28. e4 {[%clk 00:17:14]} {[%emt 00:00:30]} Qb6 {[%clk 00:13:33]}
{[%emt 00:00:15]} 29. Qc4+ {[%clk 00:17:11]} {[%emt 00:00:12]} Qe6 {[%clk
00:12:15]} {[%emt 00:01:29]} 30. Qxc5 {[%clk 00:17:19]} {[%emt 00:00:02]} Rc8
{[%clk 00:12:19]} {[%emt 00:00:06]} 31. Qb4 {[%clk 00:17:25]} {[%emt 00:00:03]}
b6 {[%clk 00:12:08]} {[%emt 00:00:22]} 32. exf5 {[%clk 00:17:33]} {[%emt
00:00:01]} Qxf5 {[%clk 00:12:17]} {[%emt 00:00:02]} 33. Rxe8 {[%clk 00:17:40]}
{[%emt 00:00:03]} Rxe8 {[%clk 00:12:26]} 34. Qxb6 {[%clk 00:17:48]} {[%emt
00:00:02]} Qxf4 {[%clk 00:12:29]} {[%emt 00:00:08]} 35. Qxa6 {[%clk 00:17:32]}
{[%emt 00:00:27]} Qc1+ {[%clk 00:12:38]} 36. Kh2 {[%clk 00:17:39]} {[%emt
00:00:02]} Qf4+ {[%clk 00:12:47]} {[%emt 00:00:01]} 37. Bg3 {[%clk 00:17:47]}
{[%emt 00:00:02]} Qd2 {[%clk 00:12:44]} {[%emt 00:00:13]} 38. Qc4+ {[%clk
00:17:55]} {[%emt 00:00:02]} Kg7 {[%clk 00:12:42]} {[%emt 00:00:12]} 39. Qc7+
{[%clk 00:17:57]} {[%emt 00:00:08]} Kg8 {[%clk 00:12:49]} {[%emt 00:00:03]} 40.
Be5 {[%clk 00:17:53]} {[%emt 00:00:14]} Rxe5 {[%clk 00:12:53]} {[%emt
00:00:06]} 41. Qxe5 {[%clk 00:18:00]} {[%emt 00:00:03]} Qxb2 {[%clk 00:13:02]}
{[%emt 00:00:01]} 42. Qe6+ {[%clk 00:18:05]} {[%emt 00:00:04]} Kg7 {[%clk
00:13:11]} {[%emt 00:00:01]} 43. Ne4 {[%clk 00:18:11]} {[%emt 00:00:04]} Qb8+
{[%clk 00:13:17]} {[%emt 00:00:05]} 44. Qd6 {[%clk 00:18:17]} {[%emt 00:00:04]}
Qe8 {[%clk 00:13:24]} {[%emt 00:00:04]} 45. Qf6+ {[%clk 00:18:22]} {[%emt
00:00:04]} Kh7 {[%clk 00:13:33]} {[%emt 00:00:01]} 46. Ng5+ {[%clk 00:18:31]}
{[%emt 00:00:01]} Kg8 {[%clk 00:13:42]} {[%emt 00:00:01]} 47. Qf7+ {[%clk
00:18:30]} {[%emt 00:00:11]} Qxf7 {[%clk 00:13:50]} {[%emt 00:00:03]} 48. Nxf7
{[%clk 00:18:38]} {[%emt 00:00:01]} Kxf7 {[%clk 00:13:58]} {[%emt 00:00:02]} 49.
a5 {[%clk 00:18:48]} 1-0

[Event "British Rapidplay Championship 2023"]
[Site "Mercure Bradford, Bankfield Hotel"]
[Date "2023.04.15"]
[Round "6.10"]
[White "Singh, Amrik J"]
[Black "Kryshtafor, Maksym"]
[Result "0-1"]
[TimeControl "All moves in 15 minutes plus 10 second increment per move from move 1"]
[WhiteElo "2000"]
[BlackElo "1667"]

1. e4 {[%clk 00:15:19]} e5 {[%clk 00:15:17]} {[%emt 00:00:04]} 2. Nf3 {[%clk
00:15:26]} {[%emt 00:00:01]} Nc6 {[%clk 00:15:22]} {[%emt 00:00:06]} 3. Bc4
{[%clk 00:15:34]} {[%emt 00:00:02]} Bc5 {[%clk 00:15:26]} {[%emt 00:00:07]} 4.
c3 {[%clk 00:15:42]} {[%emt 00:00:01]} Nf6 {[%clk 00:15:29]} {[%emt 00:00:08]}
5. d3 {[%clk 00:15:50]} {[%emt 00:00:01]} h6 {[%clk 00:15:32]} {[%emt
00:00:07]} 6. O-O {[%clk 00:15:57]} {[%emt 00:00:03]} d6 {[%clk 00:15:39]}
{[%emt 00:00:04]} 7. h3 {[%clk 00:16:03]} {[%emt 00:00:03]} Be6 {[%clk
00:15:46]} {[%emt 00:00:03]} 8. Nbd2 {[%clk 00:16:08]} {[%emt 00:00:04]} Qd7
{[%clk 00:15:51]} {[%emt 00:00:07]} 9. Kh2 {[%clk 00:16:05]} {[%emt 00:00:12]}
O-O-O {[%clk 00:15:53]} {[%emt 00:00:09]} 10. b4 {[%clk 00:16:11]} {[%emt
00:00:04]} Bb6 {[%clk 00:15:59]} {[%emt 00:00:04]} 11. a4 {[%clk 00:16:20]}
{[%emt 00:00:01]} a5 {[%clk 00:16:03]} {[%emt 00:00:06]} 12. Qb3 {[%clk
00:15:50]} {[%emt 00:00:38]} g5 {[%clk 00:16:04]} {[%emt 00:00:11]} 13. b5
{[%clk 00:13:46]} {[%emt 00:02:13]} Na7 {[%clk 00:16:06]} {[%emt 00:00:09]} 14.
d4 {[%clk 00:13:52]} {[%emt 00:00:03]} g4 {[%clk 00:16:09]} {[%emt 00:00:07]}
15. hxg4 {[%clk 00:13:37]} {[%emt 00:00:25]} Nxg4+ {[%clk 00:16:10]} {[%emt
00:00:09]} 16. Kg1 {[%clk 00:13:45]} {[%emt 00:00:02]} Bxc4 {[%clk 00:15:57]}
{[%emt 00:00:23]} 17. Nxc4 {[%clk 00:13:47]} {[%emt 00:00:08]} Rhg8 {[%clk
00:16:01]} {[%emt 00:00:07]} 18. Nxb6+ {[%clk 00:13:10]} {[%emt 00:00:46]} cxb6
{[%clk 00:16:05]} {[%emt 00:00:07]} 19. dxe5 {[%clk 00:12:11]} {[%emt
00:01:08]} Nxe5 {[%clk 00:15:39]} {[%emt 00:00:36]} 20. Nxe5 {[%clk 00:12:03]}
{[%emt 00:00:18]} Qh3 {[%clk 00:14:59]} {[%emt 00:00:50]} 21. g3 {[%clk
00:11:13]} {[%emt 00:01:00]} Rxg3+ {[%clk 00:15:00]} {[%emt 00:00:09]} 22. fxg3
{[%clk 00:11:21]} {[%emt 00:00:01]} Qxg3+ {[%clk 00:15:02]} {[%emt 00:00:09]}
23. Kh1 {[%clk 00:11:30]} {[%emt 00:00:02]} Rg8 {[%clk 00:15:04]} {[%emt
00:00:07]} 24. Qc4+ {[%clk 00:10:59]} {[%emt 00:00:40]} Nc6 {[%clk 00:14:59]}
{[%emt 00:00:16]} 25. Qe2 {[%clk 00:09:48]} {[%emt 00:01:21]} Qh3+ {[%clk
00:15:03]} {[%emt 00:00:07]} 0-1

[Event "British Rapidplay Championship 2023"]
[Site "Mercure Bradford, Bankfield Hotel"]
[Date "2023.04.15"]
[Round "6.11"]
[White "Stephens, Carl"]
[Black "Holliday, John K"]
[Result "1/2-1/2"]
[TimeControl "All moves in 15 minutes plus 10 second increment per move from move 1"]
[WhiteElo "1682"]
[BlackElo "1832"]

1. e4 {[%clk 00:15:16]} {[%emt 00:00:04]} d5 {[%clk 00:15:16]} {[%emt
00:00:04]} 2. exd5 {[%clk 00:15:20]} {[%emt 00:00:07]} Nf6 {[%clk 00:15:24]}
{[%emt 00:00:02]} 3. d4 {[%clk 00:15:19]} {[%emt 00:00:10]} Bg4 {[%clk
00:15:31]} {[%emt 00:00:02]} 4. Be2 {[%clk 00:15:13]} {[%emt 00:00:17]} Bxe2
{[%clk 00:15:38]} {[%emt 00:00:03]} 5. Qxe2 {[%clk 00:15:21]} {[%emt 00:00:02]}
Qxd5 {[%clk 00:15:43]} {[%emt 00:00:05]} 6. Nf3 {[%clk 00:15:15]} {[%emt
00:00:16]} Nc6 {[%clk 00:15:43]} {[%emt 00:00:11]} 7. c4 {[%clk 00:14:03]}
{[%emt 00:01:23]} Qh5 {[%clk 00:15:47]} {[%emt 00:00:04]} 8. Nc3 {[%clk
00:12:55]} {[%emt 00:01:19]} O-O-O {[%clk 00:15:50]} {[%emt 00:00:07]} 9. Be3
{[%clk 00:12:00]} {[%emt 00:01:05]} e6 {[%clk 00:13:56]} {[%emt 00:02:04]} 10.
a3 {[%clk 00:10:36]} {[%emt 00:01:35]} Ng4 {[%clk 00:13:05]} {[%emt 00:01:00]}
11. O-O-O {[%clk 00:08:13]} {[%emt 00:02:33]} f5 {[%clk 00:11:24]} {[%emt
00:01:51]} 12. Bf4 {[%clk 00:06:38]} {[%emt 00:01:46]} Qf7 {[%clk 00:10:43]}
{[%emt 00:00:50]} 13. h3 {[%clk 00:06:11]} {[%emt 00:00:37]} Nf6 {[%clk
00:10:17]} {[%emt 00:00:36]} 14. Ng5 {[%clk 00:06:18]} {[%emt 00:00:03]} Qd7
{[%clk 00:09:40]} {[%emt 00:00:46]} 15. Qxe6 {[%clk 00:06:23]} {[%emt
00:00:06]} h6 {[%clk 00:07:34]} {[%emt 00:02:16]} 16. Qxd7+ {[%clk 00:06:15]}
{[%emt 00:00:18]} Rxd7 {[%clk 00:07:37]} {[%emt 00:00:07]} 17. Ne6 {[%clk
00:06:22]} {[%emt 00:00:02]} g5 {[%clk 00:07:31]} {[%emt 00:00:17]} 18. Be5
{[%clk 00:05:21]} {[%emt 00:01:11]} Nxe5 {[%clk 00:07:29]} {[%emt 00:00:12]} 19.
dxe5 {[%clk 00:05:29]} {[%emt 00:00:01]} Ne4 {[%clk 00:06:54]} {[%emt
00:00:46]} 20. Nxe4 {[%clk 00:05:17]} {[%emt 00:00:22]} fxe4 {[%clk 00:07:02]}
{[%emt 00:00:02]} 21. Rxd7 {[%clk 00:05:22]} {[%emt 00:00:05]} Kxd7 {[%clk
00:07:10]} {[%emt 00:00:02]} 22. Nd4 {[%clk 00:04:59]} {[%emt 00:00:32]} Bc5
{[%clk 00:07:00]} {[%emt 00:00:21]} 23. Rd1 {[%clk 00:04:56]} {[%emt 00:00:13]}
Ke7 {[%clk 00:06:38]} {[%emt 00:00:31]} 24. b4 {[%clk 00:04:54]} {[%emt
00:00:12]} Bxd4 {[%clk 00:06:36]} {[%emt 00:00:12]} 25. Rxd4 {[%clk 00:05:01]}
{[%emt 00:00:03]} Rf8 {[%clk 00:06:33]} {[%emt 00:00:13]} 26. Rd2 {[%clk
00:03:52]} {[%emt 00:01:20]} Rf5 {[%clk 00:06:10]} {[%emt 00:00:31]} 1/2-1/2

[Event "British Rapidplay Championship 2023"]
[Site "Mercure Bradford, Bankfield Hotel"]
[Date "2023.04.15"]
[Round "6.12"]
[White "Holi, Siefaldin A"]
[Black "Redmond, Nigel"]
[Result "0-1"]
[TimeControl "All moves in 15 minutes plus 10 second increment per move from move 1"]
[WhiteElo "1644"]
[BlackElo "1656"]

1. d4 {[%clk 00:15:16]} {[%emt 00:00:04]} d5 {[%clk 00:15:11]} {[%emt
00:00:09]} 2. c4 {[%clk 00:15:16]} {[%emt 00:00:11]} e5 {[%clk 00:15:14]}
{[%emt 00:00:07]} 3. e3 {[%clk 00:15:01]} {[%emt 00:00:25]} Nc6 {[%clk
00:15:02]} {[%emt 00:00:22]} 4. cxd5 {[%clk 00:14:42]} {[%emt 00:00:30]} Qxd5
{[%clk 00:14:58]} {[%emt 00:00:13]} 5. Nc3 {[%clk 00:14:25]} {[%emt 00:00:27]}
Bb4 {[%clk 00:15:02]} {[%emt 00:00:05]} 6. a3 {[%clk 00:14:12]} {[%emt
00:00:24]} Bxc3+ {[%clk 00:14:47]} {[%emt 00:00:25]} 7. bxc3 {[%clk 00:14:20]}
{[%emt 00:00:03]} exd4 {[%clk 00:14:27]} {[%emt 00:00:29]} 8. exd4 {[%clk
00:13:50]} {[%emt 00:00:40]} Bf5 {[%clk 00:14:07]} {[%emt 00:00:29]} 9. Nf3
{[%clk 00:13:32]} {[%emt 00:00:29]} Nf6 {[%clk 00:13:48]} {[%emt 00:00:29]} 10.
c4 {[%clk 00:13:24]} {[%emt 00:00:18]} Qe4+ {[%clk 00:13:44]} {[%emt 00:00:14]}
11. Be2 {[%clk 00:12:45]} {[%emt 00:00:48]} O-O {[%clk 00:13:15]} {[%emt
00:00:39]} 12. O-O {[%clk 00:12:48]} {[%emt 00:00:08]} Rfe8 {[%clk 00:12:44]}
{[%emt 00:00:41]} 13. Re1 {[%clk 00:12:50]} {[%emt 00:00:07]} Rad8 {[%clk
00:12:32]} {[%emt 00:00:22]} 14. d5 {[%clk 00:11:04]} {[%emt 00:01:57]} Ne5
{[%clk 00:11:25]} {[%emt 00:01:17]} 15. Ng5 {[%clk 00:09:49]} {[%emt 00:01:25]}
Qc2 {[%clk 00:10:21]} {[%emt 00:01:13]} 16. Qd4 {[%clk 00:09:17]} {[%emt
00:00:39]} Ng6 {[%clk 00:09:47]} {[%emt 00:00:47]} 17. Be3 {[%clk 00:09:06]}
{[%emt 00:00:21]} Qa4 {[%clk 00:08:23]} {[%emt 00:01:32]} 18. Bd1 {[%clk
00:07:41]} {[%emt 00:01:38]} Qd7 {[%clk 00:06:57]} {[%emt 00:01:36]} 19. Bb3
{[%clk 00:07:25]} {[%emt 00:00:26]} h6 {[%clk 00:05:41]} {[%emt 00:01:26]} 20.
Nf3 {[%clk 00:07:23]} {[%emt 00:00:12]} Re4 {[%clk 00:05:32]} {[%emt 00:00:18]}
21. Qxa7 {[%clk 00:07:19]} {[%emt 00:00:15]} b6 {[%clk 00:04:55]} {[%emt
00:00:47]} 22. Nd4 {[%clk 00:06:29]} {[%emt 00:01:00]} Ree8 {[%clk 00:04:35]}
{[%emt 00:00:30]} 23. Nxf5 {[%clk 00:06:21]} {[%emt 00:00:18]} Qxf5 {[%clk
00:04:37]} {[%emt 00:00:08]} 24. Qxc7 {[%clk 00:06:27]} {[%emt 00:00:04]} Ng4
{[%clk 00:04:28]} {[%emt 00:00:19]} 25. Bxb6 {[%clk 00:05:49]} {[%emt
00:00:48]} Rxe1+ {[%clk 00:03:05]} {[%emt 00:01:33]} 26. Rxe1 {[%clk 00:05:52]}
{[%emt 00:00:06]} Rc8 {[%clk 00:02:44]} {[%emt 00:00:31]} 27. Qd6 {[%emt
00:00:39]} Nf4 {[%emt 00:01:04]} 28. h3 {[%clk 00:02:52]} {[%emt 00:01:27]} Nf6
{[%clk 00:01:44]} {[%emt 00:01:10]} 29. Qe5 {[%clk 00:02:26]} {[%emt 00:00:36]}
Nxh3+ {[%clk 00:01:18]} {[%emt 00:00:36]} 30. gxh3 {[%clk 00:02:09]} {[%emt
00:00:27]} Qxh3 {[%clk 00:01:25]} {[%emt 00:00:03]} 31. Re3 {[%clk 00:02:01]}
{[%emt 00:00:19]} Qh4 {[%clk 00:00:54]} {[%emt 00:00:40]} 32. Rg3 {[%clk
00:01:19]} {[%emt 00:00:52]} Re8 {[%clk 00:00:56]} {[%emt 00:00:09]} 33. Qc3
{[%clk 00:01:09]} {[%emt 00:00:20]} Ng4 {[%clk 00:00:38]} {[%emt 00:00:27]} 34.
Rg2 {[%clk 00:01:01]} {[%emt 00:00:19]} Re2 {[%clk 00:00:45]} {[%emt 00:00:03]}
35. Qg3 {[%clk 00:00:53]} {[%emt 00:00:17]} Re1# {[%clk 00:00:49]} {[%emt
00:00:07]} 36. Qc3 {[%emt 00:00:33]} Re8 {[%emt 00:00:03]} 37. Qf3 {[%emt
00:00:04]} Re1# {[%emt 00:00:01]} 0-1